000 00324nam a2200145Ia 4500
003 OSt
005 20240408112845.0
008 170523s9999 xx 000 0 und d
020 _a978-1118341711
040 _cIIMTU MEERUT
100 _aWILSON
245 0 _aPROBLEM SOLVING
260 _bTATA MC GRAW HILL
942 _2ddc
_c02
999 _c1991
_d1991